LEADER 01232nam 2200385 450 001 9910131418603321 005 20220928141223.0 010 $a1-910634-26-3 035 $a(CKB)3710000000492896 035 $a(NjHacI)993710000000492896 035 $a(EXLCZ)993710000000492896 100 $a20220928d2015 uy 0 101 0 $aeng 135 $aur||||||||||| 181 $ctxt$2rdacontent 182 $cc$2rdamedia 183 $acr$2rdacarrier 200 10$aBiostratigraphic and Geological Significance of Planktonic Foraminifera /$fMarcelle K. BouDagher-Fadel 205 $aSecond edition. 210 1$aLondon, United Kingdom :$cUniversity College London,$d2015. 215 $a1 online resource (iv, 311 pages) 311 $a1-910634-25-5 320 $aIncludes bibliographical references and index. 606 $aForaminifera, Fossil 606 $aPaleontology 615 0$aForaminifera, Fossil. 615 0$aPaleontology. 676 $a561.994 700 $aBouDagher-Fadel$b Marcelle K$01260629 801 0$bNjHacI 801 1$bNjHacl 906 $aBOOK 912 $a9910131418603321 996 $aBiostratigraphic and Geological Significance of Planktonic Foraminifera$92921653 997 $aUNINA LEADER 01375nam0 22003011i 450 001 UON00314943 005 20231205104113.286 010 $a978-88-950443-6-1 100 $a20080903d2008 |0itac50 ba 101 $aita 102 $aIT 105 $a|||| 1|||| 200 1 $aTransiti mediterranei$eripensare la modernità$elezioni di Studi culturali e postcoloniali per la formazione a distanza corsi di laurea specialistica$fIan Chambers$gcontributi di Alessandro Buffa ... [et al.] 210 $aNapoli$cUniversità degli studi di Napoli L'Orientale$d2008 215 $a126 p.$d21 cm. 316 $aDono del prof. Iain Chambers$5IT-UONSI VII GEO2.0/0679 606 $aMediterraneo$xStudi$3UONC069343$2FI 620 $aIT$dNapoli$3UONL000012 700 1$aChambers$bIain$3UONV112921$0148644 702 1$aBuffa$bAlessandro$3UONV179859 702 1$aCarlino$bTiziana$3UONV166215 712 $aR. Istituto Orientale in Napoli$3UONV265274$4650 801 $aIT$bSOL$c20260313$gRICA 899 $aSIBA - SISTEMA BIBLIOTECARIO DI ATENEO E ARCHIVIO STORICO$2UONSI 912 $aUON00314943 950 $aSIBA - SISTEMA BIBLIOTECARIO DI ATENEO E ARCHIVIO STORICO$dSI VII GEO 2.0 0679 $eSI SC 44026 5 0679 Dono del prof. Iain Chambers 996 $aTransiti mediterranei$91374029 997 $aUNIOR